00473 2200193 4500001002100000005001500021008004100036020001800077035001900095041000700114082001000121090001600131100001800147245002800165250001000193260003300203300003000236650001300266INLIS00000000001333720241224114534241224||||||||| | ||| |||| || |  a979-407-825-5 0010-1224013337 aid0 a639.4 a639.4 SAD t0 aNaryo Sadhori00ateknik budidaya bekicot acet.1 aJakartabbalai pustakac1997 ax,77. hlm. ;21 cm x 15 cm 0aBudidaya